<?xml version="1.0" encoding="UTF-8"?>
<record
    xmlns:xsi="http://www.w3.org/2001/XMLSchema-instance"
    xsi:schemaLocation="http://www.loc.gov/MARC21/slim http://www.loc.gov/standards/marcxml/schema/MARC21slim.xsd"
    xmlns="http://www.loc.gov/MARC21/slim">

  <leader>02867nab a2200409 i 4500</leader>
  <controlfield tag="001">28545</controlfield>
  <controlfield tag="003">FINmELB</controlfield>
  <controlfield tag="005">20241216220053.0</controlfield>
  <controlfield tag="006">m     o  u        </controlfield>
  <controlfield tag="007">cr cn|||||||||</controlfield>
  <controlfield tag="008">230522c20049999mx qr p  o    0    0spa d</controlfield>
  <datafield tag="022" ind1=" " ind2=" ">
    <subfield code="a">1405-6666</subfield>
  </datafield>
  <datafield tag="035" ind1=" " ind2=" ">
    <subfield code="a">(OCoLC)1385418958</subfield>
  </datafield>
  <datafield tag="040" ind1=" " ind2=" ">
    <subfield code="a">FINmELB</subfield>
    <subfield code="b">spa</subfield>
    <subfield code="e">rda</subfield>
    <subfield code="c">FINmELB</subfield>
  </datafield>
  <datafield tag="050" ind1=" " ind2="4">
    <subfield code="a">LB1028</subfield>
    <subfield code="b">.B846 2004</subfield>
  </datafield>
  <datafield tag="080" ind1=" " ind2=" ">
    <subfield code="a">37.012</subfield>
  </datafield>
  <datafield tag="082" ind1="0" ind2="4">
    <subfield code="a">370.72</subfield>
    <subfield code="2">23</subfield>
  </datafield>
  <datafield tag="100" ind1="1" ind2=" ">
    <subfield code="a">Buenfil Burgos, Rosa Nidia,</subfield>
    <subfield code="e">autor.</subfield>
  </datafield>
  <datafield tag="245" ind1="1" ind2="0">
    <subfield code="a">Estrategias intersticiales :</subfield>
    <subfield code="b">filosof&#xED;a y teor&#xED;a de la educaci&#xF3;n en M&#xE9;xico en los noventa /</subfield>
    <subfield code="c">Rosa Nidia Buenfil Burgos.</subfield>
  </datafield>
  <datafield tag="264" ind1=" " ind2="1">
    <subfield code="a">Distrito Federal, M&#xE9;xico :</subfield>
    <subfield code="b">Consejo Mexicano de Investigaci&#xF3;n Educativa A.C.,</subfield>
    <subfield code="c">2004.</subfield>
  </datafield>
  <datafield tag="310" ind1=" " ind2=" ">
    <subfield code="a">Trimestral</subfield>
  </datafield>
  <datafield tag="336" ind1=" " ind2=" ">
    <subfield code="a">texto</subfield>
    <subfield code="b">txt</subfield>
    <subfield code="2">rdacontent/spa</subfield>
  </datafield>
  <datafield tag="337" ind1=" " ind2=" ">
    <subfield code="a">computadora</subfield>
    <subfield code="b">c</subfield>
    <subfield code="2">rdamedia/spa</subfield>
  </datafield>
  <datafield tag="338" ind1=" " ind2=" ">
    <subfield code="a">recurso en l&#xED;nea</subfield>
    <subfield code="b">cr</subfield>
    <subfield code="2">rdacarrier/spa</subfield>
  </datafield>
  <datafield tag="520" ind1=" " ind2=" ">
    <subfield code="a">El trabajo aborda el estado del conocimiento de Filosofia, teoria y campo de la educacion en la investigaci&#xF3;n educativa mexicana durante los a&#xF1;os noventa, mediante una presentaci&#xF3;n descriptiva y una lectura estrategica del procesos A partir de1993, este campo ha tenido transformaciones que son el inter&#xE9;s de este articulo; destaca su crecimiento considerable, caracterizado por ir en contra de las politicas de investigacion, emerger en los intersticios de los temas de investigaci&#xF3;n normalizados y tener lugar en medio de un antagonismo entre dise&#xF1;adores de politicas e investigadores; asimismo, este crecimiento se produce en dos formas: como un tema en s&#xED; mismo y como un medio para hacer inteligibles otros temas. El art&#xED;culo se basa en una investigacion que involucra analisis cuantitativos b&#xE1;sicos y, principalmente, cualitativos de lo producido y difundido, en diferentes formatos, entre 1992 y 2002; asi como en una lectura estrategica alimentada por las l&#xF3;gicas y conceptos de la genealog&#xED;a (Foucault), la deconstruccion (Derrida) y el an&#xE1;li politico de discurso (Laclau).</subfield>
  </datafield>
  <datafield tag="588" ind1=" " ind2=" ">
    <subfield code="a">Descripci&#xF3;n basada en Revista mexicana de investigaci&#xF3;n educativa, vol. 9, n&#xFA;m. 23 (oct.-dic. 2004), P. 1005-1032.</subfield>
  </datafield>
  <datafield tag="588" ind1=" " ind2=" ">
    <subfield code="a">Descripci&#xF3;n basada en metadatos suministrados por el editor y otras fuentes.</subfield>
  </datafield>
  <datafield tag="590" ind1=" " ind2=" ">
    <subfield code="a">Recurso electr&#xF3;nico. Santa Fe, Arg.: elibro, 2023. Disponible v&#xED;a World Wide Web. El acceso puede estar limitado para las bibliotecas afiliadas a elibro.</subfield>
  </datafield>
  <datafield tag="650" ind1=" " ind2="4">
    <subfield code="a">An&#xE1;lisis del discurso.</subfield>
  </datafield>
  <datafield tag="650" ind1=" " ind2="4">
    <subfield code="a">Filosofia.</subfield>
  </datafield>
  <datafield tag="650" ind1=" " ind2="4">
    <subfield code="a">Investigaci&#xF3;n educativa.</subfield>
  </datafield>
  <datafield tag="650" ind1=" " ind2="4">
    <subfield code="a">Teorias.</subfield>
  </datafield>
  <datafield tag="655" ind1=" " ind2="4">
    <subfield code="a">Art&#xED;culos.</subfield>
  </datafield>
  <datafield tag="773" ind1="1" ind2=" ">
    <subfield code="t">Revista mexicana de investigaci&#xF3;n educativa.</subfield>
    <subfield code="x">ISSN1405-6666</subfield>
    <subfield code="d">Distrito Federal, M&#xE9;xico : Consejo Mexicano de Investigaci&#xF3;n Educativa A.C.</subfield>
    <subfield code="g">vol. 9, n&#xFA;m. 23 (oct.-dic. 2004), p. 1005-1032</subfield>
  </datafield>
  <datafield tag="797" ind1="2" ind2=" ">
    <subfield code="a">elibro, Corp.</subfield>
  </datafield>
  <datafield tag="856" ind1="4" ind2="0">
    <subfield code="u">https://elibro.net/ereader/politecnicointernacional/19202</subfield>
  </datafield>
  <datafield tag="999" ind1=" " ind2=" ">
    <subfield code="c">28545</subfield>
    <subfield code="d">28545</subfield>
  </datafield>
</record>
